Statistics for The 100 Scariest Movie Moments

Click here to take the quiz!

General Stats

  • This quiz has been taken 30 times
  • The average score is 23 of 100

Answer Stats

#YearFilm% Correct
21979Alien
93%
31973The Exorcist
85%
141978Halloween
81%
41960Psycho
81%
351986Aliens
78%
61980The Shining
74%
791931Dracula
67%
51974The Texas Chain Saw Massacre
67%
11975Jaws
63%
311980Friday the 13th
59%
801982Poltergeist
56%
81976Carrie
56%
171984A Nightmare on Elm Street
56%
202002The Ring
56%
271931Frankenstein
52%
481982The Thing
52%
131996Scream
48%
231968Rosemary's Baby
48%
161976The Omen
44%
581983Cujo
41%
71991The Silence of the Lambs
41%
471922Nosferatu
41%
301999The Blair Witch Project
41%
761981The Evil Dead
37%
91968Night of the Living Dead
37%
961963The Birds
37%
391978Dawn of the Dead
33%
411977The Hills Have Eyes
33%
421981An American Werewolf in London
33%
931988Child's Play
33%
721954Them!
30%
751992Candyman
30%
711999The Sixth Sense
30%
261995Seven
30%
331986The Fly
26%
951993Jurassic Park
26%
821984The Terminator
26%
631972Deliverance
22%
621941The Wolf Man
22%
191987Hellraiser
22%
121990Misery
22%
772002Signs
19%
100200228 Days Later
19%
251979Phantasm
15%
211990Jacob's Ladder
15%
181963The Haunting
15%
691985Re-Animator
15%
861939The Wizzard of Oz
15%
371959House on Haunted Hill
15%
571952House of Wax
11%
281979When a Stranger Calls
11%
811981The Howling
11%
361962Cape Fear
11%
221973Don't Look Now
11%
511983The Dead Zone
11%
971942Cat People
11%
991982Creepshow
11%
111999Audition
11%
101967Wait Until Dark
11%
561992Single White Female
7%
921960Village of the Damned
7%
591987Fatal Attraction
7%
151932Freaks
7%
741971Willy Wonka & the Chocolate Factory
7%
341986The Hitcher
7%
871974Black Christmas
7%
981979Zombi 2
7%
451973The Wicker Man
7%
832001The Others
7%
501972The Last House on the Left
7%
851964Blood and Black Lace
4%
841986Blue Velvet
4%
911994Shallow Grave
4%
941990Pacific Heights
4%
891976Alice, Sweet Alice
4%
901955The Night of the Hunter
4%
441997The Game
4%
781979The Brood
4%
601981The Beyond
4%
461977The Sentinel
4%
431974It's Alive
4%
401960Black Sunday
4%
491955Les Diaboliques
4%
381960Peeping Tom
4%
521925The Phantom of the Opera
4%
531985Demons
4%
541980The Changeling
4%
551988The Vanishing
4%
612001The Devil's Backbone
4%
241977Suspiria
4%
641987Near Dark
4%
651976The Tennant
4%
661976Marathon Man
4%
671971Duel
4%
681934The Black Cat
4%
701987The Stepfather
4%
321989Pet Sematary
4%
731984Blood Simple
4%
881956Invasions of the Body Snatchers
0%
291988The Serpent of the Rainbow
0%

Score Distribution

Percentile by Number Answered

Percent of People with Each Score

Your Score History

You have not taken this quiz